000 00693nam a2200241 a 4500
001 BRL_997
005 20190320211003.0
008 301013s1975----mx-#######---#000-1#spa-#
041 _aspa
044 _amx
050 4 _aPQ4843.T53
_b.T38 1975
100 1 _aTibón, Carletto
_925524
245 1 0 _aLos tatarabuelos
_cCarletto Tibón.
260 _aMéxico
_bJoaquín Mortiz
_c1975
300 _a197 p.
_c18 cm.
440 0 _aSerie el volador
_925525
500 _aej.1 Au1135, ej.2 Au1136
500 _aLa biblioteca cuenta con 2 ejemplares
500 _aEl ejemplar 2 incluye dedicatoria a Ruth Lechuga
650 1 4 _aNovela italiana
_ySiglo XX
_925526
902 _aGRL
942 _2lcc
_cB
999 _c9809
_d9809